<?xml version="1.0" encoding="UTF-8"?>
<record
    xmlns:xsi="http://www.w3.org/2001/XMLSchema-instance"
    xsi:schemaLocation="http://www.loc.gov/MARC21/slim http://www.loc.gov/standards/marcxml/schema/MARC21slim.xsd"
    xmlns="http://www.loc.gov/MARC21/slim">

  <leader>01561cam a2200193 a 4500</leader>
  <datafield tag="020" ind1=" " ind2=" ">
    <subfield code="a">9780312648039 (hardcover)</subfield>
  </datafield>
  <datafield tag="020" ind1=" " ind2=" ">
    <subfield code="a">0312648030 (hardcover)</subfield>
  </datafield>
  <datafield tag="040" ind1=" " ind2=" ">
    <subfield code="c">VPW</subfield>
  </datafield>
  <datafield tag="082" ind1="0" ind2="4">
    <subfield code="a">813 THO 2011 A097 Or.</subfield>
  </datafield>
  <datafield tag="245" ind1="0" ind2="0">
    <subfield code="a">21 essential American short stories /</subfield>
  </datafield>
  <datafield tag="246" ind1="3" ind2=" ">
    <subfield code="a">Twenty one essential American short stories</subfield>
  </datafield>
  <datafield tag="250" ind1=" " ind2=" ">
    <subfield code="a">1st ed.</subfield>
  </datafield>
  <datafield tag="260" ind1=" " ind2=" ">
    <subfield code="a">New York :</subfield>
    <subfield code="b">Thomas Dunne Books,</subfield>
    <subfield code="c">2011.</subfield>
  </datafield>
  <datafield tag="300" ind1=" " ind2=" ">
    <subfield code="a">xv, 300 p. ;</subfield>
    <subfield code="c">25 cm.</subfield>
  </datafield>
  <datafield tag="520" ind1=" " ind2=" ">
    <subfield code="a">This book is a collection of beloved stories that have comprised an important part of the fabric of our culture, from the earliest days of our nation to the twentieth century. Some of the stories, such as Washington Irving's "Rip Van Winkle," O. Henry's "The Gift of the Magi," William Faulkner's "A Rose for Emily," Charlotte Perkins Gilman's "The Yellow Wallpaper," and James Thurber's "The Secret Life of Walter Mitty," have been long regarded as literary classics, while others, such as Frank Stockton's "The Lady or the Tiger?" and Ellis Parker Butler's "Pigs Is Pigs," are lesser known but well worth discovering. The carefully selected stories, each preceded by an illuminating headnote, powerfully illustrate the varied richness of our national literature and history. This beautifully packaged volume, containing the unforgettable classic short stories that evoke our shared American tradition and national identity, makes the perfect gift for the short story aficionado and novice alike. --From publisher description.</subfield>
  </datafield>
  <datafield tag="650" ind1=" " ind2="0">
    <subfield code="a">Short stories, American.</subfield>
  </datafield>
  <datafield tag="700" ind1="1" ind2=" ">
    <subfield code="a">Pockell, Leslie.</subfield>
  </datafield>
  <datafield tag="942" ind1=" " ind2=" ">
    <subfield code="c">EK</subfield>
  </datafield>
  <datafield tag="999" ind1=" " ind2=" ">
    <subfield code="c">15959</subfield>
    <subfield code="d">15959</subfield>
  </datafield>
  <datafield tag="952" ind1=" " ind2=" ">
    <subfield code="0">0</subfield>
    <subfield code="1">0</subfield>
    <subfield code="4">0</subfield>
    <subfield code="6">813_000000000000000_THO_2011_A097_OR</subfield>
    <subfield code="7">0</subfield>
    <subfield code="9">69749</subfield>
    <subfield code="a">LBA</subfield>
    <subfield code="b">LBA</subfield>
    <subfield code="c">A097</subfield>
    <subfield code="d">2017-12-20</subfield>
    <subfield code="o">813 THO 2011 A097 Or.</subfield>
    <subfield code="p">A14567</subfield>
    <subfield code="r">2017-12-20</subfield>
    <subfield code="w">2017-12-20</subfield>
    <subfield code="y">EK</subfield>
  </datafield>
</record>
